<?xml version="1.0" encoding="UTF-8"?>
<record
    xmlns:xsi="http://www.w3.org/2001/XMLSchema-instance"
    xsi:schemaLocation="http://www.loc.gov/MARC21/slim http://www.loc.gov/standards/marcxml/schema/MARC21slim.xsd"
    xmlns="http://www.loc.gov/MARC21/slim">

  <leader>01954nam0a2200397   4500</leader>
  <controlfield tag="001">RU\NLR\bibl\65792</controlfield>
  <controlfield tag="005">20260408192115.0</controlfield>
  <datafield tag="010" ind1=" " ind2=" ">
    <subfield code="a">5-87049-144-4</subfield>
    <subfield code="9">170</subfield>
  </datafield>
  <datafield tag="021" ind1=" " ind2=" ">
    <subfield code="a">RU</subfield>
    <subfield code="b">99-39356</subfield>
    <subfield code="9">1943</subfield>
  </datafield>
  <datafield tag="035" ind1=" " ind2=" ">
    <subfield code="a">(NLR Aleph) 000064176</subfield>
  </datafield>
  <datafield tag="090" ind1=" " ind2=" ">
    <subfield code="a">351081</subfield>
    <subfield code="c">351081</subfield>
  </datafield>
  <datafield tag="100" ind1=" " ind2=" ">
    <subfield code="a">19991224d1999    k  y0rusy50      ca</subfield>
  </datafield>
  <datafield tag="101" ind1="0" ind2=" ">
    <subfield code="a">rus</subfield>
    <subfield code="a">eng</subfield>
    <subfield code="e">rus</subfield>
    <subfield code="e">eng</subfield>
  </datafield>
  <datafield tag="102" ind1=" " ind2=" ">
    <subfield code="a">RU</subfield>
  </datafield>
  <datafield tag="105" ind1=" " ind2=" ">
    <subfield code="a">y   |||||||||</subfield>
  </datafield>
  <datafield tag="200" ind1="1" ind2=" ">
    <subfield code="a">&#x422;&#x435;&#x43E;&#x440;&#x438;&#x44F; &#x43D;&#x435;&#x433;&#x435;&#x43E;&#x434;&#x435;&#x437;&#x438;&#x447;&#x435;&#x441;&#x43A;&#x43E;&#x433;&#x43E; &#x434;&#x432;&#x438;&#x436;&#x435;&#x43D;&#x438;&#x44F; &#x447;&#x430;&#x441;&#x442;&#x438;&#x446;</subfield>
    <subfield code="d">The theory of nongeodesic motion of particles</subfield>
    <subfield code="f">&#x41B;.&#x411;. &#x411;&#x43E;&#x440;&#x438;&#x441;&#x43E;&#x432;&#x430; &#x438; &#x414;.&#x414;. &#x420;&#x430;&#x431;&#x443;&#x43D;&#x441;&#x43A;&#x438;&#x439;</subfield>
    <subfield code="g">&#x41C;&#x430;&#x441;&#x442;&#x435;&#x440;&#x441;&#x43A;&#x430;&#x44F; &#x43D;&#x435;&#x437;&#x430;&#x432;&#x438;&#x441;&#x438;&#x43C;&#x44B;&#x445; &#x438;&#x441;&#x441;&#x43B;&#x435;&#x434;&#x43E;&#x432;&#x430;&#x442;&#x435;&#x43B;&#x435;&#x439; &#x438;&#x43C;. &#x41C;.&#x412;. &#x41B;&#x43E;&#x43C;&#x43E;&#x43D;&#x43E;&#x441;&#x43E;&#x432;&#x430;</subfield>
    <subfield code="z">eng</subfield>
  </datafield>
  <datafield tag="210" ind1=" " ind2=" ">
    <subfield code="a">&#x41C;.</subfield>
    <subfield code="c">&#x41C;&#x430;&#x441;&#x442;&#x435;&#x440;&#x441;&#x43A;&#x430;&#x44F; &#x438;&#x43C;. &#x41C;.&#x412;. &#x41B;&#x43E;&#x43C;&#x43E;&#x43D;&#x43E;&#x441;&#x43E;&#x432;&#x430;</subfield>
    <subfield code="d">1999</subfield>
  </datafield>
  <datafield tag="215" ind1=" " ind2=" ">
    <subfield code="a">415 &#x441;.</subfield>
    <subfield code="d">22</subfield>
  </datafield>
  <datafield tag="300" ind1=" " ind2=" ">
    <subfield code="a">&#x410;&#x432;&#x442;. &#x442;&#x430;&#x43A;&#x436;&#x435; &#x43D;&#x430; &#x430;&#x43D;&#x433;&#x43B;. &#x44F;&#x437;.: L.B. Borissova, D.D. Rabounski</subfield>
  </datafield>
  <datafield tag="300" ind1=" " ind2=" ">
    <subfield code="a">&#x421;&#x43E;&#x43A;&#x440;. &#x43F;&#x430;&#x440;&#x430;&#x43B;&#x43B;. &#x442;&#x435;&#x43A;&#x441;&#x442; &#x43D;&#x430; &#x430;&#x43D;&#x433;&#x43B;. &#x44F;&#x437;.</subfield>
  </datafield>
  <datafield tag="320" ind1=" " ind2=" ">
    <subfield code="a">&#x411;&#x438;&#x431;&#x43B;&#x438;&#x43E;&#x433;&#x440;.: &#x441;. 341-345</subfield>
  </datafield>
  <datafield tag="320" ind1=" " ind2=" ">
    <subfield code="a">&#x41F;&#x440;&#x435;&#x434;&#x43C;.-&#x438;&#x43C;&#x435;&#x43D;. &#x443;&#x43A;&#x430;&#x437;.: &#x441;.346-348</subfield>
  </datafield>
  <datafield tag="510" ind1="1" ind2=" ">
    <subfield code="6">z33790</subfield>
    <subfield code="a">The theory of nongeodesic motion of particles</subfield>
    <subfield code="z">eng</subfield>
  </datafield>
  <datafield tag="606" ind1="0" ind2=" ">
    <subfield code="a">&#x42D;&#x43B;&#x435;&#x43C;&#x435;&#x43D;&#x442;&#x430;&#x440;&#x43D;&#x44B;&#x435; &#x447;&#x430;&#x441;&#x442;&#x438;&#x446;&#x44B;</subfield>
    <subfield code="x">&#x414;&#x432;&#x438;&#x436;&#x435;&#x43D;&#x438;&#x435; &#x432; &#x43F;&#x441;&#x435;&#x432;&#x434;&#x43E;&#x440;&#x438;&#x43C;&#x430;&#x43D;&#x43E;&#x432;&#x43E;&#x43C; &#x43F;&#x440;&#x43E;&#x441;&#x442;&#x440;&#x430;&#x43D;&#x441;&#x442;&#x432;&#x435;</subfield>
    <subfield code="9">2142736</subfield>
    <subfield code="3">RU\NLR\auth\661291293</subfield>
  </datafield>
  <datafield tag="606" ind1=" " ind2=" ">
    <subfield code="a">&#x427;&#x430;&#x441;&#x442;&#x438;&#x446;&#x44B; (&#x444;&#x438;&#x437;.)</subfield>
    <subfield code="x">&#x414;&#x432;&#x438;&#x436;&#x435;&#x43D;&#x438;&#x435; &#x432; &#x43F;&#x441;&#x435;&#x432;&#x434;&#x43E;&#x440;&#x438;&#x43C;&#x430;&#x43D;&#x43E;&#x432;&#x43E;&#x43C; &#x43F;&#x440;&#x43E;&#x441;&#x442;&#x440;&#x430;&#x43D;&#x441;&#x442;&#x432;&#x435;</subfield>
    <subfield code="3">RU\NLR\auth\661291295</subfield>
    <subfield code="9">2142741</subfield>
  </datafield>
  <datafield tag="686" ind1=" " ind2=" ">
    <subfield code="a">&#x412;315</subfield>
  </datafield>
  <datafield tag="700" ind1=" " ind2="1">
    <subfield code="a">&#x411;&#x43E;&#x440;&#x438;&#x441;&#x43E;&#x432;&#x430;</subfield>
    <subfield code="b">&#x41B;. &#x411;.</subfield>
    <subfield code="g">&#x41B;&#x430;&#x440;&#x438;&#x441;&#x430; &#x411;&#x43E;&#x440;&#x438;&#x441;&#x43E;&#x432;&#x43D;&#x430;</subfield>
    <subfield code="4">070</subfield>
  </datafield>
  <datafield tag="701" ind1=" " ind2="1">
    <subfield code="a">&#x420;&#x430;&#x431;&#x443;&#x43D;&#x441;&#x43A;&#x438;&#x439;</subfield>
    <subfield code="b">&#x414;. &#x414;.</subfield>
    <subfield code="g">&#x414;&#x43C;&#x438;&#x442;&#x440;&#x438;&#x439; &#x414;&#x430;&#x432;&#x438;&#x434;&#x43E;&#x432;&#x438;&#x447;</subfield>
    <subfield code="4">070</subfield>
  </datafield>
  <datafield tag="790" ind1=" " ind2="1">
    <subfield code="6">z33</subfield>
    <subfield code="a">Borisova</subfield>
    <subfield code="b">L. B.</subfield>
    <subfield code="g">Larisa Borisovna</subfield>
    <subfield code="4">070</subfield>
  </datafield>
  <datafield tag="790" ind1=" " ind2="1">
    <subfield code="6">z33</subfield>
    <subfield code="a">Rabunskij</subfield>
    <subfield code="b">D. D.</subfield>
    <subfield code="g">Dmitrij Davidovic</subfield>
    <subfield code="4">070</subfield>
  </datafield>
  <datafield tag="801" ind1=" " ind2="0">
    <subfield code="a">RU</subfield>
    <subfield code="b">NLR</subfield>
    <subfield code="c">19991224</subfield>
    <subfield code="g">PSBO</subfield>
  </datafield>
  <datafield tag="801" ind1=" " ind2="1">
    <subfield code="a">RU</subfield>
    <subfield code="b">NLR</subfield>
    <subfield code="c">19991224</subfield>
  </datafield>
  <datafield tag="852" ind1=" " ind2=" ">
    <subfield code="a">NLR</subfield>
    <subfield code="j">99-5/4294</subfield>
  </datafield>
  <datafield tag="942" ind1=" " ind2=" ">
    <subfield code="c">BOOK</subfield>
  </datafield>
  <datafield tag="980" ind1=" " ind2=" ">
    <subfield code="a">NB</subfield>
  </datafield>
  <datafield tag="995" ind1=" " ind2=" ">
    <subfield code="5">2013-10-26</subfield>
    <subfield code="b">NLR01</subfield>
    <subfield code="c">NLR01</subfield>
    <subfield code="e">RF8</subfield>
    <subfield code="f">64176-10</subfield>
    <subfield code="k">99-5/4294</subfield>
    <subfield code="o">0</subfield>
    <subfield code="r">BOOK</subfield>
    <subfield code="s">9954294_</subfield>
  </datafield>
</record>
